Olympischer Medaillenspiegel - Fußball - Statistiken

Allgemein
  • Dieses Quiz wurde 132 mal gespielt
  • Das Durchschnittsergebnis liegt bei 14 aus 18
Antwortstatistiken
Gesamt Gold Silber Bronze Land % Korrekt
9 2 5 2 Brasilien
99%
3 1 1 1 DDR
99%
5 1 1 3 Deutschland
99%
4 1 3 0 Spanien
95%
4 2 2 0 Argentinien
94%
8 4 2 2 Vereinigte Staaten
87%
3 1 0 2 Italien
81%
5 1 2 2 Schweden
79%
3 1 2 0 Polen
74%
4 2 0 2 Kanada
73%
3 0 0 3 Niederlande
73%
3 1 0 2 Norwegen
69%
5 2 0 3 Sowjetunion
65%
4 0 3 1 Dänemark
63%
5 1 3 1 Jugoslawien
58%
5 3 1 1 Ungarn
56%
3 3 0 0 Großbritannien
48%
3 1 1 1 Nigeria
48%
Keine übereinstimmenden Quizze gefunden
Verteilung der Resultate
Anzahl Personen mit jedem Resultat
Perzentil nach korrekt beantworteten Fragen
Ihre Resultats-Entwicklung
Sie haben dieses Quiz noch nicht gespielt